000 00379nam a22001457a 4500
003 MACL
005 20191115160135.0
008 191115b xxu||||| |||| 00| 0 eng d
040 _c MACL
100 _aKak, Subhash
_97582
245 _aThe Wishing Tree : Presence and Promise of India
260 _aDelhi
_bAditya Pra
_c2015
650 _aReligion
_977124
942 _2ddc
_cBK
999 _c61303
_d61303